Statistics for Southernmost Settlements In The World

Click here to take the quiz!

General Stats

  • This quiz has been taken 9 times
  • The average score is 4 of 15

Answer Stats

LatitudeCountry% Correct
54° 48' SUshuaia
100%
53° 10' SPunta Arenas
89%
51° 44' SPuerto Natales
33%
54° 56′ SPuerto Williams
33%
51° 38' SRio Gallegos
33%
51° 41' SStanley
33%
53° 47' SRio Grande
22%
54° 32' STolhuin
22%
50° 19' SEl Calafate
11%
53° 17' SPorvenir
11%
50° 01' SPuerto Santa Cruz
11%
51° 39' SVeintiocho de Noviembre
11%
49° 50' SComandante Luis Piedrabuena
0%
49° 48' SGobernador Gregores
0%
51° 31' SRio Turbio
0%

Score Distribution

Percentile by Number Answered

Percent of People with Each Score

Your Score History

You have not taken this quiz